Indigenous Nations of Australia (by language) - Statistics

General Stats
  • This quiz has been taken 776 times
  • The average score is 16 of 389
Answers on the Map
Answers color-coded by a green-red scale on the quiz's map according to % correct below.
 
Answer Stats
Answer % Correct
Eora
43%
Wiradjuri
41%
Tiwi
33%
Yorta Yorta
29%
Pitjantjatjara
28%
Yolngu
28%
Arrernte
27%
Wuywurrung
27%
Warlpiri
25%
Dharug
24%
Gamilaraay
24%
Ngunawal
20%
Tharawal
20%
Yuin
20%
Bundjalang
19%
Wik
19%
Kaurna
17%
Bunwurrung
16%
Gubbi Gubbi
16%
Kuring-gai
16%
Gunai/Kurnai
14%
Ngarigo
14%
Pintupi
14%
Awabakal
13%
Wemba Wemba
13%
Worimi
13%
Yuggera
13%
Biri
12%
Biripi
12%
Kokatha
12%
Luritja
12%
Mardu
12%
Dadi Dadi
11%
Djabwurrung
11%
Djadjawurrung
11%
Gandangara
11%
Gugu-Badhun
11%
Madi Madi
11%
Darkinjung
10%
Gumbaynggirr
10%
Jaru
10%
Wajuk
10%
Yankunytjatjara
10%
Wadawurrung
9%
Waka Waka
9%
Watjarri
9%
Badtjala
8%
Birrdhawal
8%
Daungwurrung
8%
Goreng
8%
Larrakia
8%
Mirning
8%
Nyangumarda
8%
Wadi Wadi
8%
Wailwan
8%
Wonnarua
8%
Baraba Baraba
7%
Bardi
7%
Dhanggati
7%
Djirbalngan
7%
Geawegal
7%
Meriam Mir
7%
Minang
7%
Nakako
7%
Nari Nari
7%
Nawu
7%
Ngaanyatjara
7%
Nganyaywana
7%
Ngarti
7%
Wangaaybuwan
7%
Waywurru
7%
Amangu
6%
Anmatyerre
6%
Arabana
6%
Bigambul
6%
Giraiwurrung
6%
Gulidjan
6%
Jaitmatang
6%
Kuku-yalanji
6%
Latje Latje
6%
Maya
6%
Ngarabal
6%
Ngarrindjeri
6%
Ngatatjara
6%
Nguri
6%
Ngurraiilam
6%
Nyanganyatjara
6%
Walmatjarri
6%
Wangkangurru
6%
Yiman
6%
Yitha Yitha
6%
Alyawarre
5%
Antakarinya
5%
Banggarla
5%
Banjima
5%
Barindji
5%
Barundji
5%
Barunggam
5%
Darumbal
5%
Djargurdwurrung
5%
Gadubanud
5%
Gunditjmara
5%
Gureng Gureng
5%
Gurindji
5%
Jardwadjali
5%
Kala Lagaw Ya
5%
Kukatj
5%
Mandjindja
5%
Murrinh-patha
5%
Ngalea
5%
Paakantyi
5%
Wuli-wuli
5%
Balardung
4%
Bayali
4%
Bibbulman
4%
Dharawala
4%
Guugu Yimidhirr
4%
Karangura
4%
Kaytetye
4%
Kooma
4%
Kukatja
4%
Lardil
4%
Malkana
4%
Malpa
4%
Mandandanji
4%
Mangala
4%
Meru
4%
Miriwoong
4%
Nana
4%
Ngarla
4%
Nhanta
4%
Nyaki-Nyaki
4%
Nyul Nyul
4%
Palyku
4%
Paredarerme
4%
Peerapper
4%
Thaayorre
4%
Toogee
4%
Warnindilyakwa
4%
Wawula
4%
Wergaia
4%
Wirangu
4%
Yawuru
4%
Yidinjdji
4%
Yindjibarndi
4%
Yuat
4%
Yulparitja
4%
Alawa
3%
Awngthim
3%
Badimaya
3%
Burarra
3%
Dhiyari
3%
Gangulu
3%
Gayardilt
3%
Gooniyandi
3%
Gunwinggu
3%
Jawoyn
3%
Jiwarli
3%
Jurruru
3%
Kalaamaya
3%
Kalkatungu
3%
Kija
3%
Kuyani
3%
Martuthunira
3%
Maung
3%
Narangga
3%
Ngadjuri
3%
Ngalawangka
3%
Ngatjumay
3%
Nuenonne
3%
Nunggubuyu
3%
Nyamal
3%
Pinikura
3%
Pinjarup
3%
Purduna
3%
Pyemmairrener
3%
Tommeginne
3%
Wagiman
3%
Wangkathaa
3%
Wardaman
3%
Wardandi
3%
Warumungu
3%
Wiilman
3%
Wudjari
3%
Yanyuwa
3%
Adnyamathanha
2%
Amarak
2%
Bandjigali
2%
Barranbinya
2%
Bidjara
2%
Bindal
2%
Buganditj
2%
Bunuba
2%
Dangbon
2%
Dhirari
2%
Gunu
2%
Iwaidja
2%
Jabirrjabirr
2%
Jaburrara
2%
Kalaw Kawaw Ya
2%
Kaniyang
2%
Karajarri
2%
Kariyarra
2%
Koko-bera
2%
Kokomini
2%
Kunja
2%
Kurrama
2%
Malak Malak
2%
Mara
2%
Mbabaram
2%
Ngarluma
2%
Nhuwala
2%
Nukunu
2%
Nyikina
2%
Payungu
2%
Peramangk
2%
Thalanyji
2%
Tharrgari
2%
Thiin
2%
Tjalkanti
2%
Tjupany
2%
Umpila
2%
Warriyangga
2%
Woolna
2%
Worora
2%
Yanga
2%
Yinggarda
2%
Yinhawangka
2%
Yuru
2%
Agwamin
1%
Baradha
1%
Barna
1%
Bilinara
1%
Bindjali
1%
Birria
1%
Bukurnidja
1%
Danggali
1%
Djabuganjdji
1%
Doolboong
1%
Gagudju
1%
Ganggalida
1%
Garawa
1%
Gayiri
1%
Giya
1%
Gungabula
1%
Gunggari
1%
Gungurugoni
1%
Gunindiri
1%
Iningai
1%
Jingili
1%
Jukun
1%
Karenggapa
1%
Koknar
1%
Kokowarra
1%
Kundjey'mi
1%
Kureinji
1%
Kuuku-ya'u
1%
Kuungkari
1%
Kuwarra
1%
Kwini
1%
Lairmairrener
1%
Lamalama
1%
Limilngan
1%
Malyangaba
1%
Marringarr
1%
Mayi-Kulan
1%
Mbara
1%
Mingin
1%
Mudburra
1%
Muralag
1%
Muruwari
1%
Nakara
1%
Ngalkbun
1%
Ngandi
1%
Ngan'gikurunggurr
1%
Ngan'giwumirri
1%
Ngarinman
1%
Ngarkad
1%
Nyawaygi
1%
Pitta Pitta
1%
Rembarnga
1%
Takalak
1%
Umbindhamu
1%
Umida
1%
Unggumi
1%
Waanyi
1%
Wambaya
1%
Wandjiwalgu
1%
Wangan
1%
Wangkumara
1%
Warray
1%
Warwa
1%
Wiljali
1%
Wunambul
1%
Wunumara
1%
Wuthathi
1%
Yagalingu
1%
Yanda
1%
Yiiji
1%
Yirandali
1%
Yir Yoront
1%
Yuwi
1%
Andegerebenha
0%
Anggamudi
0%
Anguthimri
0%
Bakanh
0%
Binbinga
0%
Budjari
0%
Bularnu
0%
Gabalbara
0%
Gamberre
0%
Gananggalinda
0%
Garingbal
0%
Gunbalang
0%
Gunibidji
0%
Guwa
0%
Guwinmal
0%
Jaminjung
0%
Kaantju
0%
Kadjerong
0%
Karangpurru
0%
Karuwali
0%
Konbudj
0%
Kullilla
0%
Kungarakany
0%
Kunjen
0%
Kurtjar
0%
Kuthant
0%
Kuuku-yani
0%
Kuwema
0%
Luthigh
0%
Maiawali
0%
Mangarayi
0%
Maranunggu
0%
Margany
0%
Marramaninjsji
0%
Marrithiyel
0%
Mayi-Kutuna
0%
Mayi-Thakurti
0%
Mayi-Yapi
0%
Mbeiwum
0%
Mbukarla
0%
Mithaka
0%
Miwa
0%
Miyan
0%
Mpalitjanh
0%
Mutumui
0%
Ngalakan
0%
Ngaliwuru
0%
Ngamini
0%
Ngandji
0%
Ngarinyin
0%
Ngawun
0%
Ngombur
0%
Nguburinji
0%
Ngumbarl
0%
Nimanburu
0%
Nungali
0%
Pirlatapa
0%
Teppathiggi
0%
Tjerratj
0%
Tjungundji
0%
Tyerrenotepanner
0%
Unggarangi
0%
Uutaalnganu
0%
Wadigali
0%
Wadjigu
0%
Wadyiginy
0%
Wakabunga
0%
Wakaya
0%
Walangama
0%
Waluwarra
0%
Wangkamana
0%
Wargamaygan
0%
Warlmanpa
0%
Winda Winda
0%
Worla
0%
Wurningangk
0%
Yadhaigana
0%
Yalarrnga
0%
Yambina
0%
Yandruwandha
0%
Yangga
0%
Yangman
0%
Yarluyandi
0%
Yawarawarka
0%
Yilba
0%
Yinwum
0%
Yupangathi
0%
No matching quizzes found
Score Distribution
Percent of People with Each Score
Percentile by Number Answered
Your Score History
You have not taken this quiz